[Event "Corus"]
[Site "Wijk aan Zee"]
[Date "2010.01.17"]
[Round "2"]
[White "Carlsen, Magnus"]
[Black "Smeets, Jan"]
[Result "1-0"]
[WhiteElo "2810"]
[BlackElo "2657"]
[Annotator "Krasenkow,M"]
[PlyCount "81"]
[EventDate "2010.01.16"]
[EventType "tourn"]
[EventRounds "13"]
[EventCountry "NED"]
[EventCategory "19"]
[SourceTitle "CBM 135"]
[Source "ChessBase"]
[SourceDate "2010.03.17"]
[SourceVersion "1"]
[SourceVersionDate "2010.03.17"]
[SourceQuality "1"]

1. c4 c6 2. Nf3 d5 3. d4 Nf6 4. Nc3 e6 5. Bg5 dxc4 6. e4 b5 7. e5 h6 8. Bh4 g5
9. Nxg5 hxg5 10. Bxg5 Nbd7 11. exf6 Bb7 12. g3 c5 13. d5 Qb6 14. Bg2 O-O-O 15.
O-O b4 16. Na4 Qb5 17. a3 Nb8 18. axb4 cxb4 19. Qd4 Nc6 20. Nb6+ $5 {A new
idea in this well-known position but the "old" queen sacrifice} (20. dxc6 Rxd4
21. cxb7+ {is quite dangerous for Black, too.}) 20... axb6 21. dxc6 Bxc6 22.
Bxc6 (22. Qg4 $6 Bxg2 23. Kxg2 Qc6+ 24. f3 Kb7 {, and White must fight for
survival:} 25. h4 (25. Rfd1 Rd5 26. h4 Bd6 27. Rd4 Rc8 28. Rh1 $6 Be5 $1 29.
Rxd5 Qxd5 $17 {0-1 Swayams,M (2340)-Arun Prasad,S (2567)/New Delhi IND 2010/
The Week in Chess 794 (45)}) 25... c3 26. bxc3 bxc3 27. Ra4 b5 28. Ra5 Rd5 29.
Be3 Bc5 30. Qg7 Bxe3 31. Qxh8 c2 32. Qf8 Rd7 33. Ra8 Qc4 34. Qb8+ Kc6 35. Ra6+
Kd5 36. Raa1 Kc6 37. Qa8+ {1/2 Massimini Gerbino,M (2450)-Sanner,Z (2376)/IECG
2004/Telechess CBM 105}) 22... Qxc6 23. Qg4 Bc5 $146 (23... Kb7 24. Rfd1 (24.
b3 $6 c3 25. Qe2 Bh6 26. Bxh6 Rxh6 27. Qa6+ Kc7 28. Rfd1 Rhh8 29. Rxd8 Rxd8 $17
{[%csl Gc3] 1/2 Hebden,M (2468)-Arun Prasad,S (2556)/Edinburgh 2009/CBM 131
Extra (53)}) 24... Bd6 25. h4 Be5 26. Qe2 Bd4 27. Be3 Bxf6 28. Rdc1 Rc8 $2 (
28... Rxh4 $1 29. gxh4 Rg8+ 30. Bg5 Bxg5 31. Qg4 Qd5 32. Rd1 (32. Rxc4 Rg7 33.
Kf1 Qd3+ 34. Qe2 Qh3+ 35. Ke1 Be3 $1 36. Qc2 $1 f5 $132) 32... Bc1 $3 33. Qxg8
Qxd1+ 34. Kg2 Kc6 $1 $132) 29. Rxc4 Qxc4 30. Qf3+ Qd5 31. Qxf6 $16 {1-0
Marchand,J (2100)-Kleinsorgen,H (2084)/IECG 2004/Telechess CBM 119 (45)}) 24.
Ra7 Rd7 25. Rxd7 Kxd7 26. h4 Kc7 27. h5 e5 28. h6 Bd4 29. Qe2 b3 30. Be3 Qd5 $2
{This move leads to an unpleasant pin.} (30... c3 $5 31. bxc3 Bxe3 32. Qxe3
Qxf6 $132) (30... Bxe3 31. Qxe3 Qxf6 32. Rc1 Kd7 $5 $11 {S.Zagrebelny}) 31. Rd1
Kc6 (31... Qc5 32. Qh5 $1 Rf8 (32... Rh7 33. Qg4 $1 Bxe3 34. Qd7+ Kb8 35. Qe8+
Kb7 36. Rd8 Bxf2+ 37. Kf1 $18) 33. Re1 $1 $16) 32. Qg4 b5 33. Bxd4 exd4 34.
Rxd4 $40 {[%csl Rc6][%mdl 128]} Qe5 35. Qd7+ Kc5 36. Qa7+ Kc6 37. Qd7+ Kc5 38.
Rf4 $2 (38. Rd1 $18 {G.Kasparov} Rxh6 $140 39. Qc8+ Kb6 (39... Kb4 40. Qf8+)
40. Ra1) 38... Qxb2 $4 (38... Kb6 $1 {[%cal Rc4c3]} 39. Rf5 Qe1+ 40. Kg2 Qe4+
41. Rf3 c3 (41... Rxh6 $11) 42. Qd6+ Kb7 43. Qe7+ Qxe7 44. fxe7 c2 45. Rc3 b4
46. Rc4 Kb6 47. h7 Kb5 48. Rc7 Kb6 $11 {S.Zagrebelny}) 39. Rf5+ Kb4 40. Qxb5+
Kc3 41. Rf3+ 1-0

[Event "WchT 9th"]
[Site "Antalya"]
[Date "2013.11.26"]
[Round "1.1"]
[White "Kramnik, Vladimir"]
[Black "Aronian, Levon"]
[Result "1/2-1/2"]
[WhiteElo "2793"]
[BlackElo "2801"]
[Annotator "Krasenkow,M"]
[PlyCount "98"]
[EventDate "2013.11.26"]
[EventType "team-tourn"]
[EventRounds "9"]
[EventCountry "TUR"]
[SourceTitle "CBM 158"]
[Source "ChessBase"]
[SourceDate "2014.01.16"]
[SourceVersion "1"]
[SourceVersionDate "2014.01.16"]
[SourceQuality "1"]
[WhiteTeam "Russia"]
[BlackTeam "Armenia"]
[WhiteTeamCountry "RUS"]
[BlackTeamCountry "ARM"]

1. d4 Nf6 2. c4 e6 3. Nf3 d5 4. Nc3 c6 5. Bg5 dxc4 6. e4 b5 7. e5 h6 8. Bh4 g5
9. Nxg5 hxg5 10. Bxg5 Be7 11. exf6 Bxf6 12. Bxf6 Qxf6 13. g3 Bb7 14. Bg2 Na6
15. Ne4 Qe7 16. O-O O-O-O 17. h4 $146 {[%mdl 8] A surprising novelty in a
well-known position.} (17. a4 {is the theoretical continuation:} f5 $1 (17...
Kb8 18. Qd2 Nb4 (18... e5 19. axb5 Rxd4 20. Qa5 cxb5 21. Qxb5 Rh6 {1-0 (40)
Hoffmann,M (2493)-Vishnu,P (2340) Vlissingen 2011} 22. Ra5 $16) 19. Qf4+ Qc7 {
0-1 (42) Gavrikov,V (2550)-Kupreichik,V (2470) Riga 1985 URS-ch [Glatman]} 20.
Qf6 $1 Nd3 (20... Nd5 21. Qf3 $16) 21. Nc5 Nxc5 22. dxc5 $16) 18. axb5 (18. Nc3
b4 19. Ne2 Nc5 $1 20. Qc2 Nb3 21. Rad1 Ba6 22. Rfe1 (22. Bxc6 Kb8 $13) 22...
Kb8 23. Nf4 Nxd4 24. Rxd4 Rxd4 25. Rxe6 Qh7 26. h3 Rxf4 27. gxf4 Rg8 28. Qe2
Qc7 29. Re8+ Rxe8 30. Qxe8+ Bc8 $13 {1/2 (41) Bartholomew,J (2440)-Becerra
Rivero,J (2598) Philadelphia 2008}) 18... cxb5 19. Rxa6 $1 Bxa6 (19... fxe4 20.
Rxa7 Kb8 21. Ra5 Qh7 22. h4 Qf5 23. b3 $1 Rxh4 24. bxc4 Rhh8 25. Rxb5 Qh7 26.
Re1 $18 {1-0 (33) Sieciechowicz,M (2446)-Sethuraman,S (2547) Legnica 2010}) 20.
Nc5 Qxc5 21. dxc5 Rxd1 22. Rxd1 b4 $1 23. h4 Rd8 24. Rc1 {1-0 (47) Farmani
Anosheh,A (2216)-Thier,J (2105) St Leon Rot 2011} Rd2 25. h5 Rxb2 {[%cal Rb2d2]
} 26. Rd1 c3 27. h6 c2 28. Rc1 Rb1 29. h7 Rxc1+ 30. Kh2 Rd1 31. h8=Q+ Kc7 $11)
17... c5 $5 (17... f5 18. Ng5 {is White's idea}) (17... Kb8 $5 18. a4 (18. b3
$5) 18... e5 19. Qf3 Rxd4 20. axb5 cxb5 21. Rxa6 f5 22. Qa3 Qxa3 23. Rxa3 fxe4
$17 {0-1 (32) Kurilin,A (2299)-Simantsev,M (2541) Tula 2010 (the position
after 17.h4 arose in a different move order in this game)}) 18. a4 Rxd4 19. Qe2
b4 20. Rfd1 Bd5 {Black's redoubts in the centre look quite solid but...} 21.
Rac1 (21. Ng5 {should be checked; the position is extremely complicated in any
case.}) 21... Rxd1+ 22. Rxd1 Rd8 23. Rc1 (23. b3 f5 24. Ng5 Bxg2 25. Rxd8+ Kxd8
26. Kxg2 cxb3 27. Qxa6 b2 28. Qd3+ Ke8 $13 {S.Zagrebelny}) 23... Qb7 (23... Nc7
24. Nd2 $1 {- Black can't hold his c4 pawn anyway.}) 24. Rxc4 Qc6 $1 {[%mdl
256]} (24... Bxc4 $2 25. Nd6+ $1 Kb8 26. Qxc4 Qb6 27. Nxf7 {is clearly in
White's favour. So, White has restored material balance keeping some
positional plus thanks to his strong h-pawn and Black's poor a6 knight.
Although Black manages to defend, perhaps he should try something more
convincing in reply to 17.h4.}) 25. h5 $1 {[%csl Gh5]} (25. Nxc5 {is premature
due to} Bxc4 $1 26. Qxc4 Rd1+ 27. Kh2 Qxc5 28. Qxa6+ Kd8) 25... f5 (25... Bxc4
{is possible now but can't be recommended: after} 26. Qxc4 {Black's king can
hardly be protected against White's powerful g2 bishop.}) 26. Nxc5 $1 Bxc4 $1 (
26... Nxc5 27. Qc2 Bxg2 28. Rxc5 Rd1+ 29. Qxd1 Qxc5 30. Kxg2 $18) 27. Qxc4 Qxc5
28. Qxe6+ {That's the difference; however, gaining this pawn proves
insufficient for a win.} Kc7 29. Qxa6 Rd1+ 30. Kh2 f4 (30... Qxf2 {apparently
works; to} 31. h6 {Black can play} f4 {; White, of course, has a lot of checks
but nothing more.}) 31. Qb7+ Kd8 32. Qa8+ Ke7 33. Qe4+ Kd8 34. Qa8+ Ke7 35.
Qe4+ Kd8 36. Qxf4 (36. Qf3 Rd2 $132) (36. Qe2 Qd4 $132) 36... Qxh5+ 37. Bh3 {
White has two connected passed pawns for the exchange; however, they are
protecting White's king so it is not easy to push them. Therefore Black
eventually holds his ground:} Qc5 38. a5 Rd5 39. Qf6+ Ke8 40. Qe6+ Kf8 41. Qf6+
Ke8 42. Bg4 Qd4 43. Qe6+ Kf8 44. Qh6+ Ke7 45. Qe6+ Kf8 46. Kg2 Rd6 47. Qc8+ Kg7
48. Qc7+ Kf8 49. Qc8+ Kg7 ({It was possible to play on without any risk:} 49...
Kg7 50. Bf3 {but Vladimir Kramnik was probably tired after such a tense game.})
1/2-1/2

[Event "Sofia MTel Masters 5th"]
[Site "Sofia"]
[Date "2009.05.16"]
[Round "4"]
[White "Carlsen, Magnus"]
[Black "Shirov, Alexei"]
[Result "1/2-1/2"]
[WhiteElo "2770"]
[BlackElo "2745"]
[Annotator "Krasenkow,M"]
[PlyCount "78"]
[EventDate "2009.05.13"]
[EventType "tourn"]
[EventRounds "10"]
[EventCountry "BUL"]
[EventCategory "21"]
[SourceTitle "CBM 131"]
[Source "ChessBase"]
[SourceDate "2009.07.15"]
[SourceVersion "1"]
[SourceVersionDate "2009.07.15"]
[SourceQuality "1"]

1. d4 d5 2. c4 c6 3. Nf3 Nf6 4. Nc3 e6 5. Bg5 dxc4 6. e4 b5 7. e5 h6 8. Bh4 g5
9. Nxg5 hxg5 10. Bxg5 Nbd7 11. exf6 Bb7 12. g3 c5 13. d5 Qb6 14. Bg2 O-O-O 15.
O-O b4 16. Na4 Qb5 17. a3 exd5 18. axb4 cxb4 19. Qg4 {An old move in this
well-known position. Other options:} (19. Qd4) (19. Re1 {- see Topalov-Shirov
in this issue}) (19. Be3 {(the most popular move)}) (19. Bf4 {(introduced
recently, with excellent results for White)}) (19. h4) 19... d4 {Positions
arising in the Botvinnik system are usually crazy and hard to assess. Black
tries to clarify the position a little bit. Otherwise White would eventually
create a strong attack on the black king:} (19... Bd6 20. Be3 Kc7 21. Bd4 (21.
Rfd1 $6 Rdg8 22. Qf5 Rg6 23. Bd4 Rhh6 {0-1 Lhost,G-Roussel,C/Bethune 2005/CBM
107 ext (39)}) 21... Rhe8 (21... Ne5 $5) 22. b3 Nc5 23. Nxc5 Bxc5 24. Qf4+ Kb6
25. Be5 (25. Ra4 $1 a5 26. Rfa1 $16) 25... Rxe5 26. Qxe5 c3 27. Rfe1 Rd6 28. g4
d4 29. Bxb7 Kxb7 30. Qf5 $16 {1/2-1/2 Zhou Jianchao-Zhang Pengxiang/Wuxi 2006/
CBM 113 ext (35)}) (19... Bh6 20. Rfd1 (20. Rfe1 Rdg8 21. h4 Bxg5 22. hxg5 d4
23. Qxd4 Bxg2 24. Kxg2 Rxg5 25. Re4 Qf5 26. Qxc4+ Kd8 27. Re8+ {0-1 Babula,
V-Kanovsky,D/Luhacovice 2003/CBM 094}) 20... Rhg8 (20... Rde8 21. b3 c3 22.
Bxh6 Rxh6 23. Rd4 a5 24. Bxd5 Re6 25. Bxe6 fxe6 26. Rxd7 Kxd7 27. Rd1+ {
1-0 Badjarani,I-Peyrou Olya,M/Iran 1997/EXT 2003}) 21. h4 Bxg5 22. hxg5 Bc6 23.
Rd4 Kb7 24. b3 $16 {0-1 Dias,A-Pelletier,Y/Matinhos 1994/EXT 1997 (52)}) (19...
Rg8 20. h4 Bd6 21. Qd4 Be5 22. Qxa7 Kc7 23. Bh3 Nxf6 24. Rfe1 Ra8 25. Qe3 Ne4
26. Bf4 f6 27. Bxe5+ fxe5 28. Qh6 $36 {1-0 Burgess,G-Adnoy,H/Gausdal 2002/CBM
086 ext (36)}) 20. Bxb7+ Kxb7 (20... Qxb7 21. Qxd4 Bd6 22. Qxd6 Rxh2 23. Kxh2
Rh8+ 24. Bh4 $18 {1-0 Ortiz,E-Stein,J/Monterey Park 2004/EXT 2009 (27)}) 21.
Qe4+ Qc6 22. Qxd4 Bd6 23. Rfe1 Rde8 24. Re3 $5 $146 {[%mdl 8] An attempt at an
improvement. Previous games saw:} (24. Rxe8 Rxe8 25. Be3 Bb8 (25... Nb6 26.
Nxb6 axb6 27. Rd1 Be5 28. Qd2 c3 29. bxc3 bxc3 30. Qa2 Re6 31. Rb1 Qe8 32. Qd5+
Kc7 33. Ra1 Qc6 34. Ra7+ Kb8 35. Qxc6 Rxc6 36. Rxf7 Bxf6 $44 {1/2-1/2 Williams,
L-Wilson,J/Hastings 1995/EXT 1998 (40)}) 26. Qxd7+ Qxd7 27. Nc5+ Kc8 28. Nxd7
Kxd7 29. Ra4 (29. Bd2 $5) 29... Bd6 $5 (29... a5 30. Rxa5 Be5 31. Bc5 b3 32.
Ba3 Ke6 33. f4 Bd4+ 34. Kf1 Rb8 $44 {0-1 Zarubin,O-Andrianov,N/Severodonetsk
1982/EXT 1999 (42)}) 30. Rxa7+ Kc6 31. Ra6+ Kd5 32. Kf1 b3 33. Ra5+ Kc6 34.
Ra6+ {1/2-1/2 Beliavsky,A-Smeets,J/Amsterdam 2007/CBM 120 (35)} (34. Bd4 Bb4
35. Ra1 Rd8 36. Be5 Rd2 $44)) 24... Ne5 $1 (24... Rxe3 $6 25. Bxe3 {is poor
for Black as his rook is on h8 and not on e8 as in the previous variation.})
25. h4 (25. Rc1 $5) 25... Re6 {Sometimes chess is very easy: if you don't know
what to do - centralize your pieces! For White it is more difficult to find a
guiding light.} 26. Bf4 (26. Qd1 $5 Rhe8 $140 27. Qh5) 26... Rhe8 27. Bxe5 Rxe5
28. Rxe5 $6 (28. Rae1 $5 Rxe3 29. Rxe3 Rxe3 30. fxe3 Bf8 31. Qd8 Qxa4 32. Qxf8
Qd1+ $11) 28... Rxe5 29. Qg4 $6 {White decides to advance his h-pawn at any
cost.} (29. Rd1 $142 Bc7 {[%csl Ra4]} 30. b3 cxb3 31. Qxb4+ Rb5 $15) 29... Ra5
30. h5 Rxa4 31. Rxa4 Qxa4 32. h6 Qc6 $1 {Consolidation.} 33. Qh5 $6 (33. h7 $2
c3 34. bxc3 bxc3 35. h8=Q c2 $19) (33. Qg8 $142 $1 {[%cal Rh6h7]} Be5 $1 34.
Qxf7+ Ka6 35. Qe7 Bxf6 36. Qxb4 Qb5 37. Qd6+ Qb6 $17) 33... c3 $6 {Of course,
something like} (33... a5 $3 34. Qxf7+ Ka6 $17 {(with the idea of preventing
Qf7-a2+ after ...c4-c3) can hardly be found by a human. White had little
chances to survive in that case, e.g.} 35. h7 (35. Qg6 c3 36. bxc3 bxc3 37. Qc2
Bf8 38. h7 Qxf6) 35... c3 36. bxc3 bxc3 37. h8=Q c2 38. Qh6 c1=Q+ 39. Qxc1
Qxc1+ 40. Kh2 $1 (40. Kg2 Qc6+ 41. Kg1 Be5) 40... Qc2 41. Kg1 Qb1+ 42. Kh2 Qe4
$1 $17) 34. bxc3 bxc3 35. Qxf7+ Bc7 $6 {This leads to a draw. Black could have
kept winning chances after} (35... Ka6 36. Qa2+ Kb5 37. h7 (37. Qc2 Bb4 $1)
37... c2 38. Qb2+ Bb4 39. Qc1 Ba3 40. Qf1+ Ka4 41. h8=Q c1=Q {etc.}) ({or} 
35... Kb6 36. Qb3+ Ka5 {etc.}) 36. Qb3+ Bb6 37. Qf7+ {Black now can't escape
checks.} Bc7 (37... Qc7 38. Qd5+ Ka6 (38... Kb8 $4 39. f7 Qxg3+ 40. Qg2 Bxf2+
41. Kh1 $18) 39. Qa2+ Ba5 40. Qe6+ $11) (37... Ka6 38. Qa2+ Ba5 39. Qe2+ Kb6
40. Qe3+ Kb7 41. Qe7+ Bc7 42. Qb4+ $11) 38. Qb3+ Bb6 39. Qf7+ Bc7 1/2-1/2

[Event "EU-Cup 24th"]
[Site "Kallithea"]
[Date "2008.10.23"]
[Round "7"]
[White "Vallejo Pons, Francisco"]
[Black "Ivanisevic, Ivan"]
[Result "1/2-1/2"]
[WhiteElo "2664"]
[BlackElo "2658"]
[Annotator "Krasenkow,M"]
[PlyCount "89"]
[EventDate "2008.10.17"]
[EventType "team-swiss"]
[EventRounds "7"]
[EventCountry "GRE"]
[SourceTitle "CBM 127"]
[Source "ChessBase"]
[SourceDate "2008.11.13"]
[SourceVersion "1"]
[SourceVersionDate "2008.11.13"]
[SourceQuality "1"]
[WhiteTeam "Baden-Baden"]
[BlackTeam "Sarajevo Bosna"]
[WhiteTeamCountry "GER"]
[BlackTeamCountry "BIH"]

1. Nf3 d5 2. d4 Nf6 3. c4 e6 4. Nc3 c6 5. Bg5 dxc4 6. a4 Bb4 7. e4 c5 8. Bxc4
cxd4 9. Nxd4 h6 {This system is examined in CBM120, annotations to
Postny-Solodovichenko. A minor difference comparing to the normal Vienna
variation (the white pawn is on a4 and not on a2) completely changes the
course of play. White is not threatening 10.Qa4+; on the other hand,} (9...
Bxc3+ 10. bxc3 Qa5 {is now quite senseless as after} 11. Bb5+ {the white
bishop is protected by the pawn.}) 10. Bf4 $5 $146 {[%mdl 8] Curiously, this
normal move is a novelty. Practice has seen:} (10. Be3 {(the other way to
sacrifice the pawn)} Nxe4 (10... O-O 11. f3 Qe7 12. O-O Nc6 13. Nxc6 bxc6 14.
Qe2 $14 a5 15. e5 $6 Nd5 16. Ne4 Nxe3 17. Qxe3 Rd8 18. Rad1 Ba6 $11 {1/2
Yermolinsky,A (2560)-Atalik,S (2525)/Hastings 1996/CBM 051 (37)}) 11. O-O (11.
Ndb5 Nd7 $6 (11... Qxd1+ 12. Rxd1 Ba5 13. O-O Nxc3 14. Nd6+ Kf8 15. bxc3 $44 {
Postny}) (11... Nd6 12. Nxd6+ Bxd6 13. Qg4 Be5 14. Rd1 Qa5 15. O-O $44 {Postny}
) 12. O-O Bxc3 13. bxc3 O-O 14. Qd4 $14 Ndf6 $6 (14... Nec5) 15. Qxd8 Rxd8 16.
Nc7 Bd7 17. Nxa8 Rxa8 18. Rfc1 $16 {1-0 Postny,E (2598)-Solodovnichenko,Y 
(2582)/Zlatibor 2007/CBM 120/[Postny] (68)}) 11... Bxc3 $5 (11... Nd6 $6 12.
Qb3 (12. Ba2 O-O 13. Qf3 Qe7 14. Rfd1 Kh8 15. Nc2 Bxc3 16. bxc3 Nf5 17. Bc1 Re8
18. Ba3 Qf6 19. Nd4 Nxd4 20. Qxf6 Ne2+ 21. Kf1 gxf6 22. Kxe2 $44 {1/2 Sergeev,
V (2405)-Savchenko,S (2530)/St Petersburg 1993/TD (71)}) 12... Bxc3 13. bxc3 a6
14. Rad1 Qe7 15. Nxe6 $1 Bxe6 16. Bxe6 Qxe6 17. Qxe6+ fxe6 18. Rxd6 $16 {
1/2 Vasiliev,V (2265)-Supatashvili,K (2440)/Pardubice 1993/TD (35)}) (11... Nf6
12. Qf3 O-O 13. Rad1 Qe7 14. Rfe1 Nc6 15. Qg3 Kh8 16. Nxc6 bxc6 17. Bd4 Rd8 18.
Rd3 Bb7 19. Ree3 Rxd4 20. Rxd4 Bc5 21. Rd1 Bxe3 22. Qxe3 {1/2 Bronstein,
D-Botvinnik,M/Moscow 1951/MainBase}) 12. bxc3 O-O 13. Qc2 (13. Qg4 Nd6 14. Nb5
e5 15. Qe2 Nxc4 16. Qxc4 Nc6 17. Bc5 Be6 18. Qe2 {1/2 Brodsky,M (2533)-Van de
Oudeweetering,A (2383)/Hoogeveen 2004/CBM 102 ext}) 13... Nf6 14. Bf4 Nd5 15.
Bg3 a6 16. Rad1 Qa5 17. Bxd5 exd5 18. Qb3 Nc6 $15 {0-1 Zaid,L (2355)-Ivanchuk,
V/Uzhgorod 1985/EXT 2005 (44) - Black gradually neutralized White's initiative
keeping his extra pawn.}) (10. Bb5+ {(this and the other ways to keep material
balance are rather favorable for Black)} Nbd7 (10... Bd7 $143 11. Bd2 $5 O-O (
11... Bxc3 12. Bxc3 Nxe4 13. Qg4) 12. e5 Bxb5 13. Ncxb5 Bxd2+ 14. Qxd2 Ne4 (
14... Ng4 $5 15. Qf4 a6 16. Qxg4 axb5 17. Nxb5 Qa5+ $44) 15. Qe3 Qa5+ 16. Ke2
Nc5 17. Rhc1 Nbd7 18. Rc4 Na6 19. b4 Qd8 20. a5 $14 {1-0 Genov,P (2469)
-Slingerland,F (2259)/La Fere 2005/CBM 107 ext (43)}) 11. Bxf6 (11. Bh4 a6 12.
Bxd7+ Bxd7 13. O-O (13. e5 g5 14. exf6 gxh4 15. Qf3 Qb6 $15) 13... g5 14. Bg3
Bxc3 15. bxc3 Nxe4 16. Qh5 Qa5 $13 {1/2 Borovikov,V (2385)-Liiva,R (2360)/
Vejen 1993/EXT 1999 (52)}) 11... Qxf6 12. O-O (12. Nde2 a6 13. Bxd7+ Bxd7 14.
O-O Bc6 15. Qb3 Bd6 $1 16. Rad1 Rd8 17. Kh1 O-O 18. f4 Bc5 19. Qc4 Qe7 20. h3
Rc8 $15 {0-1 Kiselev,S (2530)-Dreev,A (2590)/Helsinki 1992/CBM 032 (35)}) 12...
O-O (12... a6 13. Bxd7+ Bxd7 14. Re1 O-O 15. e5 Qg6 16. Re3 Rfd8 17. Rg3 Qh7
18. Qf3 Bxc3 19. bxc3 Rab8 20. h4 $13 {1-0 Santos,C (2423)-Knaak,R (2494)/
Panormo 2001/CBM 084 ext (33)}) 13. Nde2 (13. Nce2 Rd8 14. Qb3 Bd6 15. Bxd7
Bxd7 16. Qxb7 Rab8 17. Qxa7 Qe5 18. Nf3 Qxe4 19. Ng3 Qb4 $15 20. Qe3 Bxa4 21.
Ne4 Bc6 22. Nxd6 Qxd6 23. Ne5 Qd5 24. Nxc6 Qxc6 {1/2 Gyimesi,Z (2596)-Pilaj,H 
(2360)/Austria 2002/EXT 2004}) 13... Qe7 (13... Ne5 14. Qc2 a6 15. Bd3 Bd7 16.
Rad1 Rfd8 17. Qb3 Bc5 18. h3 Bc6 19. Bc4 b6 20. Kh1 Qh4 21. f3 g5 22. Rxd8+
Rxd8 23. Nb1 Ng6 24. Kh2 Bd6+ 25. g3 Bxg3+ 26. Nxg3 Nf4 {0-1 Soln,P (2413)
-Fressinet,L (2536)/Charleville 2000/CBM 079 ext}) 14. Rc1 a6 15. Bd3 Rd8 $15
16. Bb1 Ne5 17. Qc2 Bd7 18. Rcd1 Bc6 19. Nd4 Be8 20. Nde2 {Weiß macht bereits
die ersten Demutsgesten, aber natürlich geht Lautier darauf nicht ein.} Rac8
21. Rxd8 Qxd8 22. Rd1 Qa5 $17 {0-1 Hauchard,A (2513)-Lautier,J (2632)/Paris
2000/CBM 077/[Lutz] (33) Schwarz hat die schwarzen Felder und den Damenflügel
fest in seiner Hand.}) (10. Bxf6 Qxf6 11. O-O O-O 12. Nde2 (12. Re1 Nd7 13. Nf3
Bxc3 14. bxc3 Qxc3 15. Rc1 Qa5 16. e5 Rd8 17. Qe2 Nf8 18. Bd3 Bd7 $17 {1/2
Zaja,I (2417)-Pilaj,H (2333)/Austria 2003/EXT 2004 (48)}) 12... a6 (12... Nc6
13. Qb3 Bc5 14. a5 a6 15. Kh1 Qd8 16. Qc2 Nxa5 17. Ba2 Nc6 18. Rad1 Qh4 19. Bb1
Ne5 {0-1 Pachta,P (2312)-Ragger,M (2527)/Leoben AUT 2008/The Week in Chess 715}
) 13. Qc2 Nc6 14. Rad1 b6 15. Kh1 Qe7 16. f4 Bb7 17. Ba2 Bc5 $17 {0-1
Schmidlechner,A-Kacheishvili,G (2395)/Stockerau 1993/EXT 1997 (33)}) (10. Bh4
$5 {(the newest attempt needing practical tests)} Nc6 (10... g5 $5 11. Bg3 Nxe4
) 11. Nxc6 Qxd1+ 12. Rxd1 bxc6 13. f3 Nd7 14. O-O O-O 15. Na2 Bc5+ 16. Bf2 Be7
17. b4 Nb6 18. Bb3 Ba6 19. Rfe1 Rfd8 20. a5 Nd7 $11 {1-0 Akobian,V (2606)
-Gonzalez Garcia,J (2508)/Beijing CHN 2008/The Week in Chess 728 (39)}) 10...
Qe7 $6 {Hardly a good reaction.} (10... Nxe4 11. O-O $44) 11. e5 Nd5 12. Bxd5
exd5 13. Ndb5 (13. O-O Bxc3 14. bxc3 O-O 15. Nb5 Be6 $140 16. Bc1 $1 {was
quite enough for a solid plus but White wants more.}) 13... a6 14. O-O $1 axb5
15. Nxd5 Qd8 16. e6 $5 (16. Nxb4 Qxd1 17. Rfxd1 Rxa4 18. Nd5 Nc6 19. Rxa4 bxa4
20. Nb6 Be6 21. Nxa4 Bb3 22. Ra1 Bxa4 23. Rxa4 Kd7 $1 $14) 16... O-O 17. Bc7
Qg5 (17... Qh4 18. e7 $1 Re8 (18... Bxe7 19. Bg3) 19. Bg3 Qe4 20. f3 $1 Qf5 21.
Nc7 $16) 18. e7 $1 Re8 (18... Bxe7 19. Bf4 Qh4 20. g3 Qh3 21. Nxe7+ Kh8 22. Qd6
$16) 19. Nxb4 Bg4 $1 (19... Qxe7 20. Nd5 Qe4 21. Nb6 Ra6 22. Re1 Qxe1+ (22...
Qc6 23. Rc1) 23. Qxe1 Rxe1+ 24. Rxe1 $18 {[%cal Rb6c8,Ra4b5,Re1e8]}) 20. Qd4 (
20. Qd5 Na6) 20... bxa4 (20... Be2 21. Rfe1 Qxe7 22. Nd5 $16) 21. h4 $6 (21.
Bf4 $142 $1 {with the same idea but the bishop will not be hanging:} Qh5 (21...
Qxe7 22. Bxb8) (21... Qg6 22. Ra3) 22. Ra3 $18 {[%cal Ra3g3]}) 21... Qg6 22.
Ra3 Nc6 23. Nxc6 Qxc6 24. Bd6 {[%csl Ge7]} (24. Bd8 $5 {cutting off the black
rook, and White is practically an exchange up.}) 24... Ra6 25. Bb4 Qd7 26. Rd1
Qxd4 27. Rxd4 Be2 28. Rc3 Bb5 (28... f6 29. Rc7 Rb6 30. Rd8 Bh5 31. Ba3 $18)
29. f4 $2 {The "don't hurry" principle doesn't work in this position!} (29. Rd5
$1 Bc6 (29... a3 30. bxa3 Ba4 31. Rd8 f6 32. Rc7 $18) 30. Rd8 {[%cal Rc3c6]}
Ra8 31. Rcd3 b5 (31... Kh7 32. Rxa8 Rxa8 33. Rd8 $18) 32. R3d6 Bb7 33. f3 Kh7
34. Rb6 $18) 29... f6 30. Kf2 Kf7 31. g4 Bc6 32. Re3 Rb6 33. g5 $6 (33. h5 $142
{fixing the black pawns on dark squares although after} Rb5 {Black should
probably survive anyway.}) 33... Rb5 34. Rg3 hxg5 35. hxg5 fxg5 36. fxg5 Rf5+
37. Ke3 Kg6 {[%csl Rg5] The black pieces are now active, and White can't win
anymore.} 38. Rd6+ Kh5 39. Rd8 Re5+ 40. Kd2 Kg6 41. Rc3 R8xe7 42. Bxe7 Rxe7 43.
Rc5 Re4 44. Rd6+ Kh5 45. g6+ {Black's position is solid, his only potential
weakness (g7) can't be attacked.} 1/2-1/2